Esclava Remix -Almighty, Bryant Myers, Anuel AA, Anonimus - Estadísticas

Estadísticas generales
  • Esta prueba ha sido intentada 163 veces
  • La puntuación promedio es 567 de 813
Estadísticas de respuestas
Letra % Correcto
a
98%
A
98%
de
97%
es
97%
Es
97%
te
97%
Te
97%
ver
97%
el
96%
El
96%
Hoy
96%
nuevo
96%
voy
96%
si
94%
en
93%
En
93%
y
92%
Y
92%
cel
90%
esclava
89%
mi
89%
que
89%
Que
89%
qué
89%
Qué
89%
se
89%
Se
89%
un
89%
pichea
87%
cuarto
85%
motel
85%
la
84%
La
84%
lo
84%
pa
84%
bien
83%
Me
83%
me
83%
Esto
81%
esto
81%
bellaco
78%
fumando
78%
marihuana
78%
serás
78%
modélame
76%
tu
75%
75%
75%
Tu
75%
saco
74%
al
73%
como
73%
cómo
73%
gusta
73%
cama
72%
estoy
72%
Estoy
72%
no
72%
No
72%
O
72%
o
72%
por
72%
Por
72%
yo
72%
Yo
72%
las
71%
los
71%
Pero
70%
pero
70%
tacos
70%
soy
69%
tamos
69%
Cuando
68%
cuando
68%
rato
68%
gato
67%
le
67%
pantalón
67%
sin
67%
dos
66%
Quédate
66%
re
66%
ya
66%
con
65%
ha
65%
hecho
65%
va
65%
cada
64%
par
64%
boxer
62%
del
62%
dice
62%
erice
62%
fuego
62%
meta
62%
ratón
62%
rico
62%
Rico
62%
tiene
62%
Tiene
62%
apaga
61%
enrolo
61%
ganas
61%
lamberte
61%
Quiere'
61%
quito
61%
agujeros
60%
bombero
60%
desespero
60%
estamos
60%
jugamo
60%
pantys
60%
secret
60%
Secret
60%
Tengo
60%
tengo
60%
Baby
59%
barbero
59%
cara
59%
Echa
59%
esas
59%
ese
59%
eso
59%
Hotel
59%
Lucifer
59%
maltrato
59%
matemos
59%
mujer
59%
nalga
59%
nos
59%
piel
59%
sincero
59%
cenicero
58%
eres
58%
Eres
58%
esconder
58%
máxima
58%
mira
58%
nalgas
58%
nota
58%
todo
58%
cachetes
57%
demonio
57%
hacer
57%
Kiko
57%
máquina
57%
más
57%
quita
57%
tenemos
57%
vez
57%
avise
56%
caco
56%
callado
56%
Déjame
56%
ella
56%
Ella
56%
explico
56%
hija
56%
lleve
56%
Papi
56%
vibra
56%
entero
55%
entra
55%
gym
55%
matamos
55%
mío
55%
Victoria
55%
visto
55%
fiel
54%
mejor
54%
perico
54%
piernas
54%
trícep
54%
venir
54%
abrirte
53%
amante
53%
bajo
53%
cachetonas
53%
crico
53%
dejar
53%
primera
53%
Quítate
53%
vaya
53%
desenmoño
52%
saber
52%
top
52%
una
52%
volvemos
52%
cinco
51%
dejarnos
51%
pico
51%
poder
51%
primero
51%
retros
51%
siempre
51%
sola
51%
dijiste
50%
hipnotice
50%
su
49%
aplico
48%
chingar
48%
Dile
48%
fueras
48%
meto
48%
secreto
48%
Empezamos
47%
estás
47%
gustan
47%
llaman
47%
martillar
47%
mente
47%
moja
47%
nada
47%
nadie
47%
quedó
47%
roto
47%
siete
47%
son
47%
terminamos
47%
toto
47%
cachispa
46%
Juan
46%
on
46%
peros
46%
rojas
46%
sabes
46%
San
46%
tetas
46%
aterricé
45%
Bellaca
45%
bellaca
45%
corazón
45%
descansar
45%
feos
45%
foto
45%
partir
45%
Partir
45%
quiera'
45%
ríe
45%
tres
45%
vamo
45%
marido
44%
otra
44%
tocarla
44%
40
43%
avión
43%
Contigo
43%
enamora
43%
Jordan
43%
lograr
43%
paso
43%
Tatuajes
43%
todas
43%
ahora
42%
Bebé
42%
Campo
42%
Chico
42%
hizo
42%
lápiz
42%
mojas
42%
respeta
42%
Rompimos
42%
30
41%
dime
41%
era
41%
esos
41%
fire
41%
jevo
41%
película
41%
quede
41%
quién
41%
ropa
41%
tickets
41%
tienes
41%
traje
41%
vete
41%
Antes
40%
gracias
40%
hora
40%
Myers
40%
rotos
40%
tienen
40%
van
40%
fan
39%
libra
39%
muerdo
39%
peines
39%
quietico
39%
Acabé
38%
Cotto
38%
echarme
38%
tirao
38%
Toy
38%
buitres
37%
cell
37%
dame
37%
gano
37%
microonda
37%
moteles
37%
quedamos
37%
tiren
37%
cien
36%
gangsters
36%
tumbé
36%
Díselo
35%
booty
34%
caliento
34%
conmigo
34%
flyer
34%
pegaos
34%
respondas
34%
Cansao
33%
endecamos
33%
redonda
33%
también
32%
quiero
31%
bebo
30%
pensando
30%
Story
30%
sacos
29%
Buzz
28%
mañana
28%
Ponte
28%
phillies
27%
Lightyear
26%
trili
26%
Honda
25%
quemas
25%
guagua
23%
meterle
23%
Mientras
23%
Lynette
22%
protección
21%
corre
20%
encima
20%
bola
19%
capota
19%
Lexus
19%
treparte
17%
estés
16%
heely
16%
Miley
15%
pecos
12%
No se encontraron pruebas coincidentes
Distribución de puntuación
Porcentaje de gente con cada puntuación
Porcentaje por número respondido
Historial de tus puntuaciones
No has intentado esta prueba.